Design for change: un movimiento educativo para cambiar el mundo

Kaydedildi:
Detaylı Bibliyografya
Materyal Türü: Kitap
Dil:İspanyolca
Baskı/Yayın Bilgisi: Madrid, España. SM, 2017
Edisyon:1a. ed
Seri Bilgileri:Biblioteca Innovación Educativa
Konular:
Etiketler: Etiketle
Etiket eklenmemiş, İlk siz ekleyin!

MARC

LEADER 00000cam a2200000 a 4500
001 UCC7506
003 CL-VaPUC
005 20211015111712.0
008 190409e20170000sp |||||||||||||||||spa|d
020 |a 9788491072287 
040 |c Pontificia Universidad Católica de Valparaíso 
082 0 4 |a 370.15 DES 2017  |2 21 
245 1 0 |a Design for change: un movimiento educativo para cambiar el mundo 
250 |a 1a. ed 
260 |a Madrid, España.  |b SM,  |c 2017 
300 |a 205 páginas 
490 0 |a Biblioteca Innovación Educativa 
583 |a last modification  |c 20190409 14:28:00  |k Rodrigo Vera 
650 0 |a Psicología educacional   |9 307830 
650 0 |a Cambio social   |9 256857 
650 0 |a Psicopedagogía  |9 307268 
942 |c BK  |2 ddc 
945 |d 20190409 14:28:00  |a dcastane 
999 |c 374128  |d 374126 
952 |0 0  |1 0  |3 erb  |4 0  |6 370_150000000000000_DES_2017  |7 0  |8 A  |9 492548  |a BIBHIS  |b BIBHIS  |d 2019-10-15  |e 78  |g 16000.00  |i 5541573  |l 1  |o 370.15 DES 2017  |p 5541573  |r 2025-01-20  |s 2024-10-25  |w 2019-11-24  |y BK  |z Catalogado en:20190409  |k HIS 
952 |0 0  |1 0  |2 ddc  |3 erb  |4 0  |6 370_150000000000000_DES_2017  |7 0  |8 A  |9 492549  |a BIBHIS  |b BIBHIS  |d 2019-10-15  |e 78  |g 16000.00  |i 5564174  |o 370.15 DES 2017  |p 5564174  |r 2025-01-20  |t 1  |w 2019-11-24  |y BK  |z Catalogado en:20191018  |k HIS